| 000 | 00805nam a22002537a 4500 | ||
|---|---|---|---|
| 003 | OSt | ||
| 005 | 20140310182210.0 | ||
| 008 | 130906t xxu||||| |||| 00| 0 eng d | ||
| 020 | _a0722503962 | ||
| 050 |
_aRC 392 _b.G676 1983 |
||
| 082 |
_aHS 616.849 _bG69 1978 |
||
| 100 |
_aGosling, Nalda _916731 |
||
| 245 |
_aHerbs for headaches and migraines / _cNalda Gosling |
||
| 260 |
_aWellingborough, Northamptonshire : _bThorsons, _cc1983. |
||
| 300 |
_a64 p. : _bill. ; _c16 cm. |
||
| 650 |
_a Headache. _916732 |
||
| 650 |
_aMigraine. _916733 |
||
| 650 |
_aHerbs _xTherapeutic use. _916734 |
||
| 650 |
_aHeadache _xDrug therapy _xPopular works. _916735 |
||
| 650 |
_aMigraine _xDrug therapy _xPopular works. _916736 |
||
| 650 |
_a Herbs _xPopular works. _916737 |
||
| 942 |
_2lcc _cHS |
||
| 999 |
_c10447 _d10447 |
||